In 6 Languages: Family Members Quiz Stats

Quiz Updated Jul 16, 2016

Challenge
Share
Tweet
Score 0/10 Timer 05:00
1 Play Today
% Correct
Father
88.8%
Mother
87.1%
Son
64%
Daughter
59.1%
Brother
54.8%
Sister
52.1%
Husband
48.8%
Grandfather
48.2%
Grandmother
47.6%
Wife
42.3%

You're not logged in!

Compare scores with friends on all Sporcle quizzes.
Sign Up with Email
OR
Log In

You Might Also Like...

Show Comments

Extras

Top Quizzes Today


Score Distribution

Your Account Isn't Verified!

In order to create a playlist on Sporcle, you need to verify the email address you used during registration. Go to your Sporcle Settings to finish the process.